Catalog

Record Details

Catalog Search



Vom Boykott bis zur Vernichtung : Leben, Verfolgung, Vertreibung und Vernichtung der Juden in Bochum und Wattenscheid, 1933-1945 : ein Quellen- und Arbeitsbuch (nicht nur) für Schulen  Cover Image Book Book

Vom Boykott bis zur Vernichtung : Leben, Verfolgung, Vertreibung und Vernichtung der Juden in Bochum und Wattenscheid, 1933-1945 : ein Quellen- und Arbeitsbuch (nicht nur) für Schulen / Konzeption und Redaktion: Ingrid Wölk ; mit einen Vorwort von Paul Spiegel ; bearbeitet von: Reiner Adams ... [et al.]

Wölk, Ingrid (Author). Rainer, Adams (Editor). Spiegel, Paul (Author of introduction, etc.).

Record details

  • ISBN: 3-89861-047-0
  • Physical Description: 280 p. : ill. ; 24 cm
  • Publisher: Essen : Klartext, 2002

Content descriptions

General Note:
Sul front.: Stadtarchiv Bochum

Available copies

  • 1 of 1 copy available at Common Catalog SPOK.

Holds

  • 0 current holds with 1 total copy.
Show Only Available Copies
Location Call Number / Copy Notes Barcode Shelving Location Status Due Date
Terezin Initiative Institute 3522 4594303522 Knihovna ITI Available -

LDR 02434nam a22003857ia4500
00150206
003CZ-PrJAB
00520221123112957.0
008110225s2002 gw |||||| ||||| |ger|c
020 . ‡a3-89861-047-0
035 . ‡a(ItRI)IT ICCU IEI 0323092
040 . ‡a(ItRI)IT ‡bita
0410 . ‡ager
1001 . ‡aWölk, Ingrid ‡4aut
24510. ‡aVom Boykott bis zur Vernichtung : ‡bLeben, Verfolgung, Vertreibung und Vernichtung der Juden in Bochum und Wattenscheid, 1933-1945 : ein Quellen- und Arbeitsbuch (nicht nur) für Schulen / ‡cKonzeption und Redaktion: Ingrid Wölk ; mit einen Vorwort von Paul Spiegel ; bearbeitet von: Reiner Adams ... [et al.]
260 . ‡aEssen : ‡bKlartext, ‡c2002
300 . ‡a280 p. : ‡bill. ; ‡c24 cm
500 . ‡aSul front.: Stadtarchiv Bochum
7001 . ‡aRainer, Adams ‡4edt
7001 . ‡aSpiegel, Paul ‡4aui
910 . ‡aABE340 ‡b3522
995 . ‡aska
901 . ‡a50206 ‡bAUTOGEN ‡c50206 ‡tbiblio

Additional Resources